000 02973nam a22002897a 4500
003 DO-SdBNP
005 20211122090845.0
007 ta
008 211122b2019 dr ac||| |||| 00| 0 spa d
020 _a9789945614459
040 _aDO-SdBNP
_bspa
_cBNPHU
245 0 0 _a4 días de abril y las notas del teniente coronel constitucionalista Vinicio Antonio Fernández Pérez /
_ccoordinador ; Osvaldo A. Fernández Domínguez ; colaboradores Kirshe M. Fernández Domínguez, Vinicio A. Fernández Domínguez, Roberto A. Fernández Domínguez.
246 0 0 _aCuatro días de abril y las notas del teniente coronel constitucionalista Vinicio Antonio Fernández Pérez.
260 _aSanto Domingo :
_bSantuario,
_c2019.
300 _a402 p. :
_bil., retrs. ;
_c23 cm.
500 _aIncluye datos biográficos del coordinador y los colaboradores en la solapa de la cubierta
500 _aIncluye referencias bibliográficas y notas al pie de las páginas
504 _aBibliografía : p. 339-345
505 0 _aDedicatoria, 11.-- Agradecimiento, 13.-- Prólogo, 15.-- Primera parte. Los antecedentes, 25.-- La República Dominicana dentro del marco político latinoamericano, 47.-- La Guerra Fría, su impacto en América Latina y los militares dominicanos, 53.-- Los Estados Unidos, el comunismo y el declive de Trujillo, 61.-- Un mundo cambiante: final de la dictadura de Trujillo, 67.-- Las Fuerzas Armadas dominicanas tras la caída de Trujillo, 79.-- De la dictadura a la democracia, 87.-- Segunda parte. Los siete meses del gobierno de Juan Bosch, 103.-- El golpe de Estado a Juan Bosch, 153.-- ¿Por qué no se ejecutó el contragolpe?, 167.-- El Triunvirato, 175.-- El nuevo embajador norteamericano en la República Dominicana: William Tapley Bennett, 189.-- Corrupción en las Fuerzas Armadas y esfuerzos civiles contra el Triunvirato, 193.-- Preludio a la Revolución (1963 hasta abril de 1965), 205.-- 1965: 4 días de revolución, 223.-- La vuelta a la constitucionalidad: ¿Junta Militar o guerra fraticida?, 263.-- El Dr. José Rafael Molina Ureña asume la presidencia, 269.-- Epílogo: el conflicto armado y el coronel constitucionalista Vinicio Antonio Fernández Pérez, 335.-- Bibliografía, 339.-- Anexos, 347.-- Anexo 1. Relación de los principales oficiales constitucionalistas del Ejército Nacional de las primeras horas, 349.-- Anexo 2. La muerte de un guerrero: Ilio Capozzi. Testimonio del general (r) Iván Fernández, 351.-- Anexo 3. El período de la posguerra, 355.-- Anexo 4. Rol de los Estados Unidos en la Revolución de Abril de 1965, 363.-- Glosario.
590 _aInventariado, 2021 /LP
700 1 _aFernández Domínguez, Osvaldo A.,
_d1963-
_980691
700 1 _aFernández Domínguez, Kirshe M.,
_d1950-
_ecolaborador
_980692
700 1 _aFernández Domínguez, Vinicio A.,
_d1951-
_ecolaborador
_980693
700 1 _aFernández Domínguez, Roberto A.,
_d1956-
_ecolaborador
_980694
910 _aLopérez
942 _2ddc
_cLBS1
999 _c51009
_d51009